| 000 | 01339nam a2200289Ia 4500 | ||
|---|---|---|---|
| 001 | D1287 | ||
| 003 | IT-RoPAU | ||
| 008 | 130308s9999 xx 000 0 und d | ||
| 040 | _aIT-RoPAU | ||
| 040 | _cIT-RoPAU | ||
| 041 | _aITALIANO | ||
| 100 | _aLevy Pierre | ||
| 100 | _gCodice Aut. SPICS: 31720 | ||
| 245 | _aCoreografia dei corpi angelici. Una (a)teologia dell'intelligenza collettiva per il buon uso dei mondi virtuali | ||
| 245 | _bCibernauti. Tecnologia, Comunicazione, Democrazia-2-Ciberfilosofia | ||
| 250 | _a1a ed. | ||
| 260 | _aROMA | ||
| 260 | _bCastelvecchi | ||
| 260 | _c1995 [1° Ed.:1995 - Ed.Ling.Originale:1995] | ||
| 300 | _a"26 p. (prefazione: no ; testo: 26 [pagine: 22-47])" | ||
| 500 | _aTradizione Farabiana. intelletto Agente. Dai mondi Angelici Ai mondi Virtuali. Dove Il collettivo Umano Comunica con Se Stesso senza passare per Il Cielo. Fonti: Dall'Uno al Multiplo. Luce Dall'Alto e Luce dal Basso. Dalla profezia All'Esplorazione. Enigma e Desiderio. Problema del Male. Intelletto, Intelligibile e Intelligente. pensiero continuo al di Là dell'Interpretazione. Intelligibile o la sintesi del Sensibile. Dall'Altro Mondo al Mondo dell'Altro. tre Liberta'. | ||
| 650 | _aSAGGI SULLA MULTIMEDIALITA' | ||
| 650 | _eCodice materia Spics: 4257 | ||
| 942 | _cBK | ||
| 957 | _71 | ||
| 999 |
_c81614 _d81614 |
||
| 999 | _g1 | ||